RAD Players Quiz Stats

 Plays Quiz not verified by Sporcle

Support Sporcle.
Go Orange.
Score 0/88 Timer 09:00
0 Plays Today
Debut season Player % Correct
Season 16MIRAROSEWARNE
87.5%
Season 17DANK3RER
85.7%
Season 1faucet
84.2%
Season 12Jaco
84.2%
Season 1Tiny ninja
78.9%
Season 1Noddy
78.9%
Season 2DemonLoaf666
78.9%
Season 15Jos
77.8%
Season 15ThatMudkipGuy
77.8%
Season 15Arabian
77.8%
Season 1That channel called Brotube
73.7%
Season 6TawnyBarnOwl
73.7%
Season 7Kezern
73.7%
Season 17snowybush
71.4%
Season 1gameend
68.4%
Season 1qwerty000
68.4%
Season 1xqui
68.4%
Season 2Razpup
68.4%
Season 9ASAOMEGA
68.4%
Season 12Frisbee
68.4%
Season 15nery
66.7%
Season 14eva Xavier
63.2%
Season 2ev
63.2%
Season 4Counter
63.2%
Season 4Books
63.2%
Season 9islaydragonz
63.2%
Season 9Wertem
63.2%
Season 11mozz
63.2%
Season 12Space Bingoid
63.2%
Season 12PoppySeeds
63.2%
Debut season Player % Correct
Season 14picklerickle
63.2%
Season 16disto
62.5%
Season 2Tygreenie
57.9%
Season 3critter
57.9%
Season 3dizzy
57.9%
Season 3mazuat
57.9%
Season 4Funzees
57.9%
Season 9Gabe
57.9%
Season 12giovani
57.9%
Season 14LeannE
57.9%
Season 14TheOnlyTJ
57.9%
Season 17Rubyleafeon2080
57.1%
Season 17Celery King
57.1%
Season 3House
52.6%
Season 3Vernoxis
52.6%
Season 4Chorus Kids
52.6%
Season 6Ivy Leaves
52.6%
Season 10mothiieeo
52.6%
Season 10nope sr 2.0
52.6%
Season 14crap
52.6%
Season 18varin
50%
Season 18iBean
50%
Season 19iDog
50%
Season 19Mari
50%
Season 19Cloudec
50%
Season 1Absolute Loser
47.4%
Season 1networkcensor
47.4%
Season 8nocturnal
47.4%
Season 8vorlagz
47.4%
Season 9Flavio
47.4%
Debut season Player % Correct
Season 9LegoMyExplosiveEggo
47.4%
Season 10nikoeq
47.4%
Season 12Sick Bleh
47.4%
Season 1Goodnight Mortis
42.1%
Season 2Dapper
42.1%
Season 3Josef
42.1%
Season 9whydeer
42.1%
Season 10ohnoitsdom
42.1%
Season 11tropically
42.1%
Season 1gamey
36.8%
Season 2vangs
36.8%
Season 3CreativeUsername
36.8%
Season 3HeartOne
36.8%
Season 4Spciy
36.8%
Season 4Endeavour Not-HD
36.8%
Season 12quickdraw
36.8%
Season 12Visual Animations
36.8%
Season 2LuckyRhino3
31.6%
Season 8Cleft Key
31.6%
Season 8loccedinpapre
31.6%
Season 14TNT guy
31.6%
Season 7Slurrple
26.3%
Season 14gua
26.3%
Season 15Donniedadog2 YT
22.2%
Season 7mex
21.1%
Season 7Holdern2
10.5%
Season 9Seanimator10
10.5%
Season 18minty
0%

You're not logged in!

Compare scores with friends on all Sporcle quizzes.
OR
Log In

From the Vault

Languages in US Education

by gazzso

Konnichiwa. Cómo estás? Sprechen sie Sporcle?
Remove Ads.
Support Sporcle.
Get the best of Sporcle when you Go Orange. This ad-free experience offers more features, more stats, and more fun while also helping to support Sporcle. Thank you for becoming a member.

Show Comments

Extras

Created Feb 23, 2020ReportNominate
Tags:Character, debut, Debuting, Player, rad, season

Top Quizzes Today


Score Distribution

Your Account Isn't Verified!

In order to create a playlist on Sporcle, you need to verify the email address you used during registration. Go to your Sporcle Settings to finish the process.

Report this User

Report this user for behavior that violates our Community Guidelines.

Details: